000 00341nam a2200145Ia 4500
008 191201s2012 xx 000 0 und d
082 _a671.52
_bLIW
100 _aLITTLE, Richard L
245 0 _aWelding and Welding Technology
250 _aRep
260 _aN.Delhi
_bTMH
_c2012
300 _a435
650 _aB.Tech(ME)
942 _2ddc
_cBK
999 _c5637
_d5637